000 00570nam a22001337a 4500
040 _cRUA
082 _aAGR LY 2011 B049 Or.1
100 _aLY, SELAKIRY.
245 _aRice cropping system in angkor chey district, kampot province ប្រព័ន្ធដាំដុះដំណាំស្រូវនៅក្នុង ស្រុកអង្គរជ័យ ខេតកំពត
260 _aPhnom Penh
_bRUA
_c2011
300 _aXI, 60p.
_bill.
_c29cm.
856 _uhttps://drive.google.com/file/d/1GNTIBL3GGJ97tNAN4wWd1PGiZVpZkfdB/view?usp=sharing
942 _cAGR
999 _c1259
_d1259